[Event "URS-ch otbor"]
[Site "Cheliabinsk"]
[Date "1975.??.??"]
[Round "?"]
[White "Ivanov, Igor V"]
[Black "Vladimirov, Boris T"]
[Result "1-0"]
[WhiteElo "2365"]
[BlackElo "2200"]

1.d4 d5 2.c4 dxc4 3.Nf3 Nf6 4.e3 g6 5.Bxc4 Bg7 6.Nc3 O-O 7.O-O c5 8.d5 Ne8
9.Re1 Nd6 10.Bf1 e5 11.e4 Bg4 12.h3 Bxf3 13.Qxf3 a6 14.a4 b6 15.Nd1 Nd7 16.Ne3 b5
17.axb5 axb5 18.Bd2 f5 19.exf5 gxf5 20.Nc2 b4 21.Rxa8 Qxa8 22.Ra1 Qb8 23.Ra6 Nb6
24.Be3 Qc7 25.b3 Kh8 26.g3 Ndc8 27.Ra5 Nd7 28.Ra6 Ncb6 29.Bg5 Qb7 30.Ne3 f4
31.Bd3 Rc8 32.Be7 Nf8 33.Bxf8 Bxf8 34.Qe4 fxe3 35.Rxb6 exf2+ 36.Kf1 Qg7 37.d6 Rd8
38.Rb7 Rd7 39.Rb8 Qh6 40.Qxe5+ Kg8 41.Bc4+ Rf7 42.Bxf7+ Kxf7 43.Qf5+ Kg8  1-0

[Event "URS-ch otbor"]
[Site "Cheliabinsk"]
[Date "1975.??.??"]
[Round "?"]
[White "Ivanov, Igor V"]
[Black "Sturua, Zurab"]
[Result "1-0"]
[WhiteElo "2365"]
[BlackElo "2200"]

1.d4 Nf6 2.c4 e6 3.Nc3 Bb4 4.Qb3 c5 5.dxc5 Nc6 6.Bg5 Bxc5 7.e3 O-O 8.Nf3 Be7
9.Be2 Qa5 10.O-O Rd8 11.Rfd1 d6 12.Rd2 a6 13.Rad1 Qc7 14.Qc2 Bd7 15.Bxf6 gxf6
16.Nd5 exd5 17.cxd5 Qa5 18.dxc6 bxc6 19.Nd4 Rac8 20.Bd3 h6 21.Bf5 Bxf5 22.Nxf5 Bf8
23.Rd4 Qe5 24.Rg4+ Kh8 25.Rg3 Rb8 26.Rd4 c5 27.Nxh6  1-0

[Event "URS-ch otbor"]
[Site "Cheliabinsk"]
[Date "1975.??.??"]
[Round "?"]
[White "Ivanov, Igor V"]
[Black "Doroshkievich, Vladimir K"]
[Result "1/2-1/2"]
[WhiteElo "2365"]
[BlackElo "2425"]

1.d4 d5 2.c4 e6 3.Nc3 c6 4.e3 Nf6 5.Nf3 Nbd7 6.Bd3 dxc4 7.Bxc4 b5 8.Be2 Bb7
9.O-O b4 10.Na4 c5 11.dxc5 Nxc5 12.Nd4 Qd5 13.f3 O-O-O 14.Qc2 Kb8 15.Rd1 Rc8
16.Bd2 b3 17.axb3 Nxa4 18.Bc4 Nb6 19.Bxd5 Rxc2 20.Bxb7 Rxd2 21.Rxd2 Kxb7
22.Rc2 Bd6 23.Nc6 Bb8 24.b4 Nfd5 25.e4 Nc7 26.Nxa7 Bxa7 27.Rxa7+ Kxa7 28.Rxc7+ Ka6
29.Rxf7 Rg8 30.Re7 Kb5 31.Rxe6 Nc4 32.Re7 Nxb2 33.f4 Nd3 34.f5 Nxb4 35.Kf2 Nc6
36.Rd7 Nb8 37.Re7 Nc6  1/2-1/2

[Event "URS-ch otbor"]
[Site "Cheliabinsk"]
[Date "1975.??.??"]
[Round "?"]
[White "Kapengut, Albert Z"]
[Black "Ivanov, Igor V"]
[Result "0-1"]
[WhiteElo "2460"]
[BlackElo "2365"]

1.e4 e5 2.Nf3 Nc6 3.Bb5 a6 4.Ba4 Nf6 5.O-O Be7 6.Re1 b5 7.Bb3 O-O 8.a4 b4
9.d3 d6 10.Nbd2 Rb8 11.a5 Kh8 12.c3 Nh5 13.d4 Bf6 14.d5 Ne7 15.Nf1 c6 16.cxb4 cxd5
17.exd5 Rxb4 18.Bd2 Rb5 19.Bc4 Rxb2 20.Bc3 Rb8 21.Nxe5 Nf4 22.Nc6 Nxc6 23.Bxf6 Qxf6
24.dxc6 Rb2 25.Qf3 Nh3+ 26.Kh1 Nxf2+ 27.Kg1 Qd4 28.Ne3 Rd2 29.Rab1 Ng4 30.Rb8 h5
31.Bxa6 Rf2 32.Qd1 Rxg2+ 33.Kxg2 Nxe3+ 34.Rxe3 Qxd1 35.Rxc8 Qg4+ 36.Rg3 Qe4+  0-1

[Event "URS-ch otbor"]
[Site "Cheliabinsk"]
[Date "1975.??.??"]
[Round "?"]
[White "Ivanov, Igor V"]
[Black "Bagirov, Vladimir"]
[Result "1-0"]
[WhiteElo "2365"]
[BlackElo "2490"]

1.d4 d5 2.c4 e6 3.Nf3 Nf6 4.Bg5 c6 5.e3 Qa5+ 6.Nfd2 Ne4 7.Bh4 c5 8.Nc3 Nxc3
9.bxc3 Qxc3 10.cxd5 exd5 11.Bb5+ Bd7 12.Rc1 Qa5 13.Bxd7+ Nxd7 14.O-O c4 15.Rb1 Bb4
16.Qg4 Bxd2 17.Rxb7 O-O 18.Rxd7 Qb6 19.Be7 Rfe8 20.Bd6 Qc6 21.Qf5 f6 22.Rb1 Rad8
23.Rc7 Qxd6 24.Rbb7 Qf8 25.Qg4 Kh8 26.Rxg7 Qg8 27.Rxg8+ Rxg8 28.Qf4  1-0

[Event "URS-ch otbor"]
[Site "Cheliabinsk"]
[Date "1975.??.??"]
[Round "?"]
[White "Timoshchenko, Gennadi A"]
[Black "Ivanov, Igor V"]
[Result "1-0"]
[WhiteElo "2450"]
[BlackElo "2365"]

1.e4 e5 2.Nf3 Nc6 3.Bb5 a6 4.Ba4 Nf6 5.O-O Be7 6.Re1 b5 7.Bb3 O-O 8.h3 Bb7
9.d3 d6 10.c3 Na5 11.Bc2 c5 12.Nbd2 Re8 13.Nf1 Nc6 14.Ng3 Bf8 15.d4 cxd4
16.cxd4 Rc8 17.d5 Nb4 18.Bb1 Qc7 19.Bg5 Nc2 20.Bxc2 Qxc2 21.Bxf6 gxf6 22.Nh5 Kh8
23.Nh4 Qxd1 24.Raxd1 Rc2 25.Rb1 Rec8 26.Nf5 R8c7 27.Nxf6 Bc8 28.Ne8 R7c5
29.Nexd6 Bxd6 30.Nxd6 Kg7 31.Re3 f6 32.b4 R5c3 33.Rxc3 Rxc3 34.Rb3 Rc1+ 35.Kh2 Bd7
36.Ra3 Kf8 37.Rxa6 Ke7 38.Nb7  1-0

[Event "Yerevan"]
[Site "Yerevan"]
[Date "1977.??.??"]
[Round "1"]
[White "Eolian, Levon S"]
[Black "Ivanov, Igor V"]
[Result "1/2-1/2"]
[WhiteElo "2200"]
[BlackElo "2420"]

1.e4 e5 2.Nf3 Nc6 3.Bb5 a6 4.Ba4 Nf6 5.d4 exd4 6.O-O Be7 7.Re1 d6 8.Nxd4 Bd7
9.Nxc6 Bxc6 10.Bxc6+ bxc6 11.Nc3 O-O 12.Ne2 Re8 13.Nd4 Qd7 14.c4 c5 15.Nf5 Bf8
16.f3 g6 17.Ne3 Bg7 18.Bd2 a5 19.Bc3 a4 20.Qc2 h5 21.Rad1 Qe7 22.Nd5 Nxd5
23.exd5 Qg5 24.Bxg7  1/2-1/2

[Event "Yerevan"]
[Site "Yerevan"]
[Date "1977.??.??"]
[Round "2"]
[White "Ivanov, Igor V"]
[Black "Arutiunov, Albert"]
[Result "1-0"]
[WhiteElo "2420"]
[BlackElo "2200"]

1.Nf3 Nf6 2.c4 b6 3.g3 Bb7 4.Bg2 g6 5.O-O Bg7 6.d4 O-O 7.Nc3 d6 8.Qc2 c5
9.d5 e6 10.e4 exd5 11.exd5 a6 12.a4 Nbd7 13.Bf4 Qc7 14.a5 Nh5 15.Bd2 Ne5
16.axb6 Qxb6 17.Na4 Qc7 18.Bc3 Nxf3+ 19.Bxf3 Nf6 20.Rfe1 Rae8 21.b3 Nd7 22.Bxg7 Kxg7
23.Qb2+ Kg8 24.Nc3 f5 25.Ne2 Ne5 26.Qc3 g5 27.Bh5 Ng6 28.h4 f4 29.hxg5 f3
30.Bxg6 Rxe2 31.Bh5 Qe7 32.Rxe2 fxe2 33.f4 Bc8 34.Re1 Qe4 35.Rxe2  1-0

[Event "Yerevan"]
[Site "Yerevan"]
[Date "1977.??.??"]
[Round "3"]
[White "Katalymov, Boris N"]
[Black "Ivanov, Igor V"]
[Result "1-0"]
[WhiteElo "2415"]
[BlackElo "2420"]

1.e4 c5 2.Nf3 Nc6 3.d4 cxd4 4.Nxd4 Nf6 5.Nc3 d6 6.Bg5 e6 7.Qd2 a6 8.O-O-O h6
9.Bh4 Nxe4 10.Bxd8 Nxd2 11.Nxc6 bxc6 12.Bc7 Ra7 13.Bxd6 Bxd6 14.Kxd2 Bf4+
15.Ke2 Ke7 16.Na4 Rc7 17.Nb6 Bb7 18.g3 Bd6 19.Nc4 Bc5 20.Bg2 Rb8 21.b3 Bc8
22.Ne5 Rb6 23.Rd3 a5 24.Rhd1 a4 25.Rd8 axb3 26.axb3 Bb4 27.Ke3 Bc3 28.Nc4 Rb5
29.R1d3 Bb4 30.f4 Rd5 31.Rg8 Rxd3+ 32.Kxd3 Kf6 33.c3 Bc5 34.Ne5 Bd6 35.Bxc6 Bxe5
36.fxe5+ Kxe5 37.Bf3 g5 38.c4 f5 39.b4 Bb7 40.Bh5 f4 41.gxf4+ gxf4 42.Rf8 Bg2
43.c5 Bd5 44.Bd1 Ra7 45.b5 Ra3+ 46.Kd2 Kd4 47.c6 Ra2+ 48.Ke1 Ke3 49.c7 Rxh2
50.Rxf4 Bb7 51.Rf3+ Kd4 52.Be2 e5 53.Rd3+ Kc5 54.Rc3+ Kd6 55.Rc6+ Ke7 56.Rb6 Bc8
57.Rb8  1-0

[Event "Yerevan"]
[Site "Yerevan"]
[Date "1977.??.??"]
[Round "5"]
[White "Khalikian, O."]
[Black "Ivanov, Igor V"]
[Result "1/2-1/2"]
[WhiteElo "2200"]
[BlackElo "2420"]

1.c4 Nf6 2.Nc3 e5 3.g3 Bb4 4.Bg2 O-O 5.a3 Bxc3 6.dxc3 h6 7.Nf3 Re8 8.O-O d6
9.Qc2 Bd7 10.h3 Bc6 11.Be3 Be4 12.Qd2 Nc6 13.Rfd1 Qe7 14.b4  1/2-1/2

[Event "Yerevan"]
[Site "Yerevan"]
[Date "1977.??.??"]
[Round "6"]
[White "Ivanov, Igor V"]
[Black "Lutikov, Anatoly S"]
[Result "1/2-1/2"]
[WhiteElo "2420"]
[BlackElo "2540"]

1.d4 f5 2.Nf3 Nf6 3.g3 g6 4.b3 Bg7 5.Bb2 d6 6.Bg2 O-O 7.O-O c6 8.Nbd2 a5
9.c4 Na6 10.a3 Rb8 11.Qc2 b5 12.Ne1 Bd7 13.Nd3 Nc7 14.e3 Ne6 15.Rac1 Rc8
16.Qb1 bxc4 17.bxc4 Rb8 18.Qc2 Qc7 19.Rb1 Ng5 20.Rfc1 Nf7 21.Bc3 e5 22.c5 e4
23.cxd6 Nxd6 24.Nc5 Ra8 25.Bb2 Bc8 26.a4 Re8 27.Ba3 Nf7 28.Qb3 Bf8 29.Nc4 Ra7
30.Qb8 Qxb8 31.Rxb8 Nd7 32.Nxd7 Bxd7 33.Rb6 Rc8 34.Bc5 Bxc5 35.dxc5 Kf8 36.f3 exf3
37.Bxf3 Ke7 38.h4 Be6 39.Bg2 Rd8 40.Bxc6 Bxc4 41.Rxc4 Rd1+ 42.Kf2 Rd2+ 43.Kg1 Ne5
44.Rc3 Rad7 45.Bxd7  1/2-1/2

[Event "Yerevan"]
[Site "Yerevan"]
[Date "1977.??.??"]
[Round "7"]
[White "Efimov, Igor"]
[Black "Ivanov, Igor V"]
[Result "1-0"]
[WhiteElo "2200"]
[BlackElo "2420"]

1.e4 c5 2.Nf3 Nc6 3.d4 cxd4 4.Nxd4 Nf6 5.Nc3 d6 6.Bg5 e6 7.Qd2 a6 8.Be2 Be7
9.Rd1 O-O 10.O-O Bd7 11.Nb3 Qc7 12.Bxf6 gxf6 13.f4 Kh8 14.Rf3 Rg8 15.Bf1 b5
16.a3 Rab8 17.Kh1 Rb6 18.Rh3 Qb8 19.Rh5 Rg7 20.e5 fxe5 21.fxe5 d5 22.Qe3 a5
23.Bd3 b4 24.Qh3 Qg8 25.Nxd5 exd5 26.Qxd7 bxa3 27.bxa3 Bxa3 28.Rf1 a4 29.Nd2 Bb2
30.Bxh7 Rxh7 31.Rxh7+ Qxh7 32.Rxf7 Qxf7 33.Qxf7 a3 34.Qe8+ Kg7 35.Qd7+ Kh6
36.Qd6+ Kh5 37.g4+ Kxg4 38.Qg6+ Kf4 39.Qg3+  1-0

[Event "Yerevan"]
[Site "Yerevan"]
[Date "1977.??.??"]
[Round "8"]
[White "Ivanov, Igor V"]
[Black "Tseshkovsky, Vitaly"]
[Result "0-1"]
[WhiteElo "2420"]
[BlackElo "2590"]

1.d4 Nf6 2.c4 g6 3.Nf3 Bg7 4.Nc3 d5 5.Bg5 Ne4 6.cxd5 Nxg5 7.Nxg5 e6 8.Nf3 exd5
9.e3 a5 10.Be2 O-O 11.O-O c6 12.a3 Re8 13.Ne1 Bf5 14.Qb3 Ra7 15.Bd3 Be6 16.Rd1 Nd7
17.Bb1 Nb6 18.Nd3 a4 19.Qc2 Bg4 20.Rc1 Nc4 21.Nxa4 Bf5 22.Rfd1 Rxe3 23.fxe3 Nxe3
24.Qb3 Bxd4 25.Kh1 Qh4 26.Ndc5 Qf2 27.Rg1 Bh3 28.Qxe3 Bxe3 29.Nd3 Qh4  0-1

[Event "Yerevan"]
[Site "Yerevan"]
[Date "1977.??.??"]
[Round "9"]
[White "Averkin, Orest N"]
[Black "Ivanov, Igor V"]
[Result "1-0"]
[WhiteElo "2455"]
[BlackElo "2420"]

1.Nf3 d5 2.d4 Nf6 3.c4 c6 4.Nc3 e6 5.e3 a6 6.b3 Bb4 7.Bd2 O-O 8.Bd3 Be7 9.c5 Nbd7
10.b4 a5 11.a3 e5 12.Bc2 e4 13.Ng1 Qc7 14.Nge2 Ng4 15.b5 Ndf6 16.b6 Qd7 17.Ng3 Qe6
18.Qe2 Nd7 19.f3 exf3 20.gxf3 Nh6 21.e4 dxe4 22.fxe4 Nxc5 23.dxc5 Qe5 24.O-O Bxc5+  1-0

[Event "Yerevan"]
[Site "Yerevan"]
[Date "1977.??.??"]
[Round "10"]
[White "Ivanov, Igor V"]
[Black "Popov, N."]
[Result "0-1"]
[WhiteElo "2420"]
[BlackElo "2410"]

1.d4 Nf6 2.c4 e6 3.Nc3 Bb4 4.e3 c5 5.Nf3 O-O 6.Bd3 d5 7.O-O Nc6 8.a3 Bxc3
9.bxc3 dxc4 10.Bxc4 Qc7 11.Qc2 e5 12.Bd3 Re8 13.Nxe5 Nxe5 14.dxe5 Qxe5 15.f3 Bd7
16.a4 Bc6 17.e4 Rad8 18.Be2 h6 19.Rf2 Rd7 20.Bb2 Qg5 21.Bf1 Red8 22.Bc1 Qe5
23.Be3 Nh5 24.Re1 Nf4 25.Rd2 Bxa4 26.Rxd7 Bxc2 27.Rxd8+ Kh7 28.Rd7 Qxc3 29.Kf2 Qf6
30.Bxf4 Qxf4 31.g3 Qf6 32.Bc4 Bb3 33.e5 Qc6 34.Rd6 Qa4 35.Bd3+ g6 36.h4 h5
37.Re4 Qa2+ 38.Re2 Qa1 39.Rd7 Be6 40.Rxb7 Qh1  0-1

[Event "Yerevan"]
[Site "Yerevan"]
[Date "1977.??.??"]
[Round "11"]
[White "Akopian, Gagnik E"]
[Black "Ivanov, Igor V"]
[Result "0-1"]
[WhiteElo "2335"]
[BlackElo "2420"]

1.e4 c5 2.Nf3 Nc6 3.Nc3 d6 4.d4 cxd4 5.Nxd4 Nf6 6.Bc4 e6 7.O-O Be7 8.Kh1 O-O
9.Bb3 a6 10.a4 Na5 11.Ba2 b6 12.b4 Qc7 13.Qd3 Nc6 14.Nxc6 Qxc6 15.b5 axb5
16.axb5 Qc7 17.f4 Nd7 18.f5 Nc5 19.Qg3 Kh8 20.Bf4 Ra3 21.Rf3 Qa7 22.Bxd6 Bxd6
23.Qxd6 Re8 24.f6 gxf6 25.Qf4 Qe7 26.e5 f5 27.Rh3 Rg8 28.Rg1 Qg5 29.Qxg5 Rxg5
30.Bb3 Bb7 31.Ne2 Rg4 32.Ng3 f4 33.Ne2 Ra8 34.Rc3 Ne4 35.Rf3 Ng5 36.Rd3 Rg8
37.h3 Rh4 38.Kh2 f3 39.Nd4 Be4 40.Re3 fxg2 41.c3 Rf4 42.Bd1 Bd5 43.Bg4 Rf1
44.c4 Bxc4 45.Rxg2 Bd5 46.Ne2 Bxg2 47.Kxg2 Rb1 48.Ng3 Rxb5 49.h4 Rb4  0-1

[Event "Yerevan"]
[Site "Yerevan"]
[Date "1977.??.??"]
[Round "12"]
[White "Ivanov, Igor V"]
[Black "Donchenko, Anatoly G"]
[Result "1-0"]
[WhiteElo "2420"]
[BlackElo "2385"]

1.e4 c5 2.Nf3 d6 3.d4 cxd4 4.Nxd4 Nf6 5.Nc3 a6 6.Be2 e6 7.O-O Qc7 8.f4 Nbd7
9.Bf3 Rb8 10.a4 b6 11.g4 h6 12.g5 hxg5 13.fxg5 d5 14.Rf2 Nxe4 15.Nxe4 dxe4
16.Bxe4 Bc5 17.b4 Bxb4 18.Qf3 Ne5 19.Qg3 Bc3 20.Bc6+ Nxc6 21.Qxc7 Bxd4 22.Qxc6+ Bd7
23.Qd6  1-0

[Event "Yerevan"]
[Site "Yerevan"]
[Date "1977.??.??"]
[Round "13"]
[White "Lputian, Smbat G"]
[Black "Ivanov, Igor V"]
[Result "1-0"]
[WhiteElo "2200"]
[BlackElo "2420"]

1.d4 Nf6 2.c4 e6 3.Nf3 c5 4.e3 b6 5.Nc3 Be7 6.Bd3 Bb7 7.O-O cxd4 8.exd4 d5
9.Re1 dxc4 10.Bxc4 O-O 11.a3 Na6 12.Ne5 Nc7 13.Qd3 Rc8 14.Bb3 Ncd5 15.Bg5 Qd6
16.Nb5 Qb8 17.Bxd5 Bxd5 18.Bxf6 Bxf6 19.Nd7 Qf4 20.Nxf8 Kxf8 21.Rad1 Qg5
22.Qg3 Qxg3 23.hxg3 Rc2 24.Nxa7 Rxb2 25.Nc8 h5 26.Rb1 Bxd4 27.Rxb2 Bxb2 28.Nxb6 Bxa3
29.Nxd5 exd5 30.Rd1 g6 31.Rxd5 f5 32.Kf1 Kf7 33.Ke2 Bb2 34.Kd3 Ke6 35.Rb5 Bf6
36.Rb6+ Kf7 37.Kc4 Be5 38.Kd5 Bc3 39.Rc6 Bb2 40.Rc2 Ba1 41.Rc7+ Kf6 42.Rc1 Bb2
43.Rc2 Ba3 44.Rc6+ Kf7 45.Rb6 Bf8 46.Rb7+ Kf6 47.Rb8 Bh6 48.Rc8 Kf7 49.Rc7+ Kf6
50.f4 h4 51.Rh7  1-0

[Event "Yerevan"]
[Site "Yerevan"]
[Date "1977.??.??"]
[Round "16"]
[White "Doroshkievich, Vladimir K"]
[Black "Ivanov, Igor V"]
[Result "1/2-1/2"]
[WhiteElo "2420"]
[BlackElo "2420"]

1.d4 Nf6 2.c4 e6 3.Nc3 Bb4 4.Qc2 O-O 5.a3 Bxc3+ 6.Qxc3 b6 7.Bg5 Bb7 8.Nf3 d6
9.g3 Nbd7 10.Bg2 h6 11.Bxf6 Qxf6 12.O-O c5 13.Rfd1 Rfd8 14.Rac1  1/2-1/2

[Event "Yerevan"]
[Site "Yerevan"]
[Date "1977.??.??"]
[Round "17"]
[White "Ivanov, Igor V"]
[Black "Petkevich, Jusefs"]
[Result "1/2-1/2"]
[WhiteElo "2420"]
[BlackElo "2425"]

1.d4 Nf6 2.c4 c5 3.d5 d6 4.Nc3 g6 5.e4 Bg7 6.Nf3 O-O 7.Be2 e6 8.O-O Re8 9.h3 exd5
10.exd5 Bf5 11.g4 Ne4 12.gxf5 Bxc3 13.Bd3 Bg7 14.Bxe4 Rxe4 15.Qc2 Qe8 16.Bd2 Nd7
17.Ng5 Re5 18.fxg6 hxg6 19.f4 Re2 20.Rae1 Bd4+ 21.Kh1 Bf2 22.Rxf2 Rxe1+ 23.Bxe1 Qxe1+
24.Kg2 Re8 25.f5 Re5 26.Nf3 Qe4 27.Qxe4 Rxe4 28.fxg6 fxg6 29.b3 b5 30.cxb5 Nb6
31.Rd2 Rb4 32.Ng5 c4  1/2-1/2

[Event "URS-ch sf"]
[Site "Daugavpils"]
[Date "1978.??.??"]
[Round "?"]
[White "Kosikov, Alexey I"]
[Black "Ivanov, Igor V"]
[Result "1-0"]
[WhiteElo "2395"]
[BlackElo "2415"]

1.e4 c5 2.Nf3 Nc6 3.Bb5 d6 4.Bxc6+ bxc6 5.O-O e5 6.c3 Bg4 7.h3 Bh5 8.Re1 Nf6
9.d4 Nd7 10.Nbd2 Qc7 11.Qc2 Be7 12.dxe5 dxe5 13.Nh2 f6 14.Nhf1 Bf7 15.Ne3 g6
16.Ndc4 O-O 17.Qe2 Nb6 18.b3 Rfd8 19.Bd2 Rd7 20.Red1 Rad8 21.Nb2 Qd6 22.Be1 Qe6
23.Rxd7 Rxd7 24.Rd1 Rxd1 25.Qxd1 Qc8 26.Qd3 Be6 27.Bd2 Qd7 28.Qxd7 Bxd7 29.Nec4 Nxc4
30.Nxc4 Kf7 31.Be3 a6 32.Nb2 f5 33.f3 f4 34.Bf2 Ke6 35.c4 g5 36.Nd3 Bc8 37.a4 h5
38.Bxc5 Bxc5+ 39.Nxc5+ Kd6 40.Nd3 c5 41.a5 Bb7 42.Kf2 Bc8 43.Nb2 Bd7 44.Nd1 g4
45.hxg4 hxg4 46.g3 gxf3 47.Kxf3 Be8 48.g4 Bg6 49.Nf2 Bf7 50.Nd3 Bg6 51.Nc1 Bf7
52.Na2 Be8 53.Nc3 Bg6 54.Ke2 Bf7 55.Nd5 Bg6 56.Kd3 Bf7 57.g5 Bh5 58.b4 Be8
59.bxc5+ Kxc5 60.Nc7 Bg6 61.Nxa6+ Kd6 62.Nb4 f3 63.Ke3 Bxe4 64.c5+ Kd7 65.c6+ Kc8
66.a6 Kb8 67.c7+ Kc8 68.Kxe4  1-0

[Event "URS-ch sf"]
[Site "Daugavpils"]
[Date "1978.??.??"]
[Round "?"]
[White "Ivanov, Igor V"]
[Black "Lerner, Konstantin Z"]
[Result "1/2-1/2"]
[WhiteElo "2415"]
[BlackElo "2445"]

1.Nf3 Nf6 2.c4 e6 3.g3 d5 4.d4 Be7 5.Bg2 O-O 6.O-O dxc4 7.Qc2 a6 8.a4 Bd7
9.Ne5 Bc6 10.Nxc6 Nxc6 11.e3 Na5 12.Nd2 c5 13.dxc5 Rc8 14.b4 cxb3 15.Nxb3 Nxb3
16.Qxb3 Nd7 17.c6 bxc6 18.a5 Nc5 19.Qc4 Qd3 20.Qxd3 Nxd3 21.Ba3 Bxa3 22.Rxa3 Nb4
23.Rc3 c5 24.Rd1 Rc7 25.Rd6 g6 26.Rc4 Kg7 27.Rb6 Rd7 28.Rxc5 Rd1+ 29.Bf1 Nd5
30.Rxa6 Rb8 31.e4 Ne3 32.fxe3 Rbb1 33.Rc2 Rxf1+ 34.Kg2 Rg1+ 35.Kf3 Ra1 36.Ra7 g5
37.Kg4 Kg6 38.Rf2 h5+ 39.Kh3 f6 40.Ra6 Raf1 41.Rb2 Rb1 42.Rc2 Rbc1 43.Rb2 Rb1
44.Rc2 Rbc1  1/2-1/2

[Event "URS-ch sf"]
[Site "Daugavpils"]
[Date "1978.??.??"]
[Round "?"]
[White "Ivanov, Igor V"]
[Black "Kupreichik, Viktor D"]
[Result "1-0"]
[WhiteElo "2415"]
[BlackElo "2200"]

1.d4 Nf6 2.c4 e6 3.Nc3 Bb4 4.e3 b6 5.Ne2 O-O 6.a3 Be7 7.e4 d5 8.e5 Ne8 9.cxd5 exd5
10.g3 c6 11.Bg2 Nc7 12.O-O Nd7 13.f4 f5 14.g4 g6 15.gxf5 gxf5 16.Ng3 Rf7
17.Qc2 Nf8 18.Nd1 Qd7 19.Ne3 Ng6 20.Bh3 Nh4 21.b4 Qe6 22.Bd2 Bd7 23.a4 Rc8
24.Kh1 Kh8 25.Rf2 c5 26.bxc5 bxc5 27.Ne2 cxd4 28.Nxd4 Qb6 29.Qd3 Ne6 30.Nxe6 Qxe6
31.Rc1 Bc5 32.Rxc5 Rxc5 33.Qd4 Rc8 34.Rf1 Rg7 35.Be1 Rc4 36.Qb2 Qh6 37.e6 Qxe6
38.Bxh4 d4 39.Ng2 Rc3 40.Re1 Qd6 41.Bg3 Re7 42.Kg1 a5 43.Rd1 Bxa4 44.Ra1 Rc2
45.Qa3 Qxa3 46.Rxa3 Rc1+ 47.Ne1 Bd7 48.Rxa5 d3 49.Rd5 Rd1 50.Bh4 Re3 51.Rxd7 Rxh3
52.Bf6+ Kg8 53.Kg2 Re3 54.Nf3 Re2+ 55.Kg3 d2 56.Bc3 Kf8 57.Bxd2 Kg8 58.Rd5 h6
59.Rd7 Rf1 60.Rd8+ Kh7 61.Rd4 Rb1 62.Rb4 Rf1 63.Rb7+ Kg8 64.Rb2 Rff2 65.Rb8+ Kh7
66.Rb7+ Kg8 67.Bc3 Rg2+ 68.Kh3 Rg4 69.Be5 Rgg2 70.Bd4 Rg4 71.Rb8+ Kh7 72.Rb7+ Kg6
73.Ne5+ Kh5 74.Nxg4 fxg4+ 75.Kg3 Rd2 76.Be3  1-0

[Event "URS-ch sf"]
[Site "Daugavpils"]
[Date "1978.??.??"]
[Round "?"]
[White "Ivanov, Igor V"]
[Black "Kapengut, Albert Z"]
[Result "1/2-1/2"]
[WhiteElo "2415"]
[BlackElo "2465"]

1.Nf3 c5 2.c4 Nf6 3.Nc3 g6 4.b3 Bg7 5.Bb2 O-O 6.g3 d5 7.Nxd5 Nxd5 8.Bxg7 Kxg7
9.cxd5 Qxd5 10.Bg2 Nc6 11.O-O Bd7 12.Rc1 Rac8 13.Rc4 Rfd8 14.Qa1+ f6 15.Rfc1 Na5
16.R4c2 Qd6 17.d4 cxd4 18.Qxd4 Rxc2 19.Rxc2 Bf5 20.Rd2 Qxd4  1/2-1/2

[Event "URS-ch sf"]
[Site "Daugavpils"]
[Date "1978.??.??"]
[Round "?"]
[White "Ivanov, Igor V"]
[Black "Gofshtein, Leonid D"]
[Result "1-0"]
[WhiteElo "2415"]
[BlackElo "2400"]

1.e4 c5 2.Nf3 e6 3.d4 cxd4 4.Nxd4 a6 5.Nc3 Nc6 6.Be2 Nge7 7.O-O Ng6 8.Be3 Be7
9.Na4 d6 10.c4 Bd7 11.Nb3 Qc7 12.Rc1 O-O 13.Nb6 Rae8 14.Qd2 Nb8 15.Rfd1 Bc8
16.f3 Nd7 17.Qa5 Qb8 18.Bf1 Nge5 19.Qd2 Nxb6 20.Bxb6 Nd7 21.Bf2 Rd8 22.Nd4 Ne5
23.a4 Bd7 24.a5 Rc8 25.b4 Bd8 26.Qa2 Qa8 27.Nb3 Qb8 28.Bg3 Be8 29.Kh1 Be7
30.b5 h5 31.h3 h4 32.Bh2 Ng6 33.bxa6 bxa6 34.c5 e5 35.Bxa6 Rc6 36.Bc4 dxc5
37.a6 Rc7 38.Rb1 Qa8 39.Na5 Qc8 40.Rb6 Ra7 41.Qb2 Ba4  1-0

[Event "URS-ch sf"]
[Site "Daugavpils"]
[Date "1978.??.??"]
[Round "?"]
[White "Ivanov, Igor V"]
[Black "Arbakov, Valentin"]
[Result "0-1"]
[WhiteElo "2415"]
[BlackElo "2200"]

1.e4 c5 2.Nf3 Nc6 3.d4 cxd4 4.Nxd4 Nf6 5.Nc3 e5 6.Ndb5 d6 7.Bg5 a6 8.Na3 Be6
9.Nc4 Rc8 10.Bxf6 Qxf6 11.Nb6 Rb8 12.Bc4 Qd8 13.Ncd5 Be7 14.O-O O-O 15.a4 Kh8
16.a5 Nxa5 17.Rxa5 Bxd5 18.Bxd5 Qxb6 19.Ra3 Qxb2 20.Rb3 Qd4 21.Rd3 Qc5 22.Qh5 Qxc2
23.Rh3 h6 24.Rf3 Qd2 25.Bxf7 Qg5 26.Qh3 b5 27.Qe6 Bd8 28.Qxd6 Bb6 29.Rf5 Qd8
30.Qg6 Qe7 31.Rd1 Bd4 32.Rd3 Rb6 33.Be6 Rc8  0-1

[Event "URS-ch sf"]
[Site "Daugavpils"]
[Date "1978.??.??"]
[Round "?"]
[White "Yurtaev, Leonid"]
[Black "Ivanov, Igor V"]
[Result "0-1"]
[WhiteElo "2200"]
[BlackElo "2415"]

1.e4 c5 2.c3 e6 3.d4 d5 4.exd5 exd5 5.Bb5+ Nc6 6.Ne2 a6 7.Bxc6+ bxc6 8.O-O Bd6
9.Bf4 Ne7 10.Bxd6 Qxd6 11.dxc5 Qxc5 12.Nd2 a5 13.Ng3 O-O 14.Nb3 Qd6 15.Qd4 a4
16.Nc5 Ra5 17.b4 axb3 18.Nxb3 Ra3 19.Qb4 Qxb4 20.cxb4 Be6 21.Rfc1 Rfa8 22.Na5 d4
23.Nxc6 Nxc6 24.Rxc6 Rxa2 25.Rxa2 Rxa2 26.Rd6 Ra1+ 27.Nf1 Kf8 28.Rxd4 Rc1
29.h4 Bc4 30.Rxc4 Rxc4 31.g3 Rxb4 32.Kg2 Ke7 33.Ne3 Ke6 34.Kf3 Ra4 35.Nc2 Ke5
36.Ne3 Ra3 37.Kg2 Ke4 38.Nf1 Kd3 39.Kf3 Ra6 40.Kg2 Ke2 41.Nh2 Rf6 42.f3 Rf5
43.g4 Ra5 44.g5 h5 45.gxh6 gxh6 46.f4 h5 47.Nf1 Ra3  0-1

[Event "URS-ch sf"]
[Site "Daugavpils"]
[Date "1978.??.??"]
[Round "?"]
[White "Lukin, Andrei M"]
[Black "Ivanov, Igor V"]
[Result "0-1"]
[WhiteElo "2460"]
[BlackElo "2415"]

1.c4 e6 2.d4 Nf6 3.Nf3 d5 4.Nc3 c6 5.e3 a6 6.c5 Nbd7 7.Bd3 b6 8.cxb6 c5 9.O-O Bb7
10.Na4 Bd6 11.Bd2 O-O 12.Ba5 Qe7 13.Rc1 c4 14.Bb1 Bc6 15.Nc5 Nxc5 16.dxc5 Bxc5
17.b3 Ba3 18.bxc4 Bxc1 19.Qxc1 dxc4 20.Qxc4 Rfc8 21.Qh4 h6 22.Nd4 Bb7 23.Nb3 Qd7
24.f3 Qb5 25.e4 Rd8 26.Qf2 Nd7 27.Bc3 e5 28.Na5 Rab8 29.Bc2 Rdc8 30.Rb1 Qc5
31.Qxc5 Rxc5 32.Ba4 Rxc3 33.Bxd7 Rc5 34.Nb3 Rc2 35.a4 Bc8 36.Bxc8 Rxb6 37.a5 Rb4
38.Bxa6 Rc3 39.Nd2 Rxb1+ 40.Nxb1 Rc1+ 41.Kf2 Rxb1 42.Bc4 Rb4 43.Bd3 Kf8 44.h4 Ke7
45.a6 Ra4 46.Kg3 Ra3 47.Bb5 g6 48.h5 gxh5 49.Kh4 Kf6 50.Kxh5 Ra1 51.Kg4 Kg6
52.g3 h5+ 53.Kh3 Kg5 54.Be2 f6 55.Bc4 Ra4 56.Bb5 Ra3 57.Be2 Re3 58.Bd1 Rc3
59.Be2 Rc2 60.Bb5 Rc3 61.Be2 Ra3 62.Kg2 Ra2 63.Kf2 h4 64.f4+ exf4 65.gxh4+ Kxh4
66.Kf3 Kg5 67.Bb5 Ra3+ 68.Kf2 Ra5 69.Be2 Ra2 70.Kf3 Ra3+  0-1

[Event "URS-ch otbor"]
[Site "Beltsy"]
[Date "1979.??.??"]
[Round "?"]
[White "Vasiukov, Evgeni"]
[Black "Ivanov, Igor V"]
[Result "1/2-1/2"]
[WhiteElo "2560"]
[BlackElo "2415"]

1.e4 e5 2.Nf3 Nc6 3.Bb5 a6 4.Ba4 Nf6 5.O-O Be7 6.Re1 b5 7.Bb3 d6 8.c3 O-O
9.d4 Bg4 10.d5 Na5 11.Bc2 c6 12.h3 Bc8 13.dxc6 Qc7 14.Nbd2 Qxc6 15.Nf1 Nc4
16.Ng3 Re8 17.a4 Bb7 18.axb5 axb5 19.Rxa8 Bxa8 20.Bd3 Bf8 21.Qc2 h6 22.Nh2 d5
23.Ng4 Nxg4 24.hxg4 Nd6 25.exd5 Qxd5 26.f3 Be7 27.Ne4 Rd8 28.Qe2 Bh4 29.Rf1 Nxe4
30.Bxe4 Qc4 31.Qxc4 bxc4 32.Bc2 Bg5 33.Bxg5 hxg5 34.Re1  1/2-1/2

[Event "URS-ch otbor"]
[Site "Beltsy"]
[Date "1979.??.??"]
[Round "?"]
[White "Ivanov, Igor V"]
[Black "Chekhov, Valery A"]
[Result "1-0"]
[WhiteElo "2415"]
[BlackElo "2470"]

1.Nf3 d5 2.d4 Nf6 3.b3 g6 4.Bb2 Bg7 5.e3 O-O 6.Be2 c5 7.O-O cxd4 8.exd4 Nc6
9.Na3 Qc7 10.c4 Rd8 11.Nb5 Qb8 12.c5 Ne4 13.Rc1 Bh6 14.Rb1 Bg4 15.Re1 Bg7
16.h3 Bxf3 17.Bxf3 f5 18.Bxe4 dxe4 19.d5 Bxb2 20.Rxb2 a6 21.Nc3 Qe5 22.Re3 Rd7
23.Qb1 Nb4 24.Nxe4 Nxd5 25.c6 bxc6 26.Nc5 Nxe3 27.Nxd7 Qd5 28.fxe3 Qxd7 29.Qc1 Rd8
30.Qc4+ Qd5 31.Rd2  1-0

[Event "URS-ch otbor"]
[Site "Beltsy"]
[Date "1979.??.??"]
[Round "?"]
[White "Taborov, Boris"]
[Black "Ivanov, Igor V"]
[Result "1/2-1/2"]
[WhiteElo "2370"]
[BlackElo "2415"]

1.d4 Nf6 2.c4 e6 3.Nf3 b6 4.a3 d5 5.cxd5 exd5 6.g3 Bd6 7.Nc3 O-O 8.Bg5 Bb7
9.Bxf6 Qxf6 10.Bg2 Rd8 11.O-O Bf8 12.Qc2 c5 13.Rfd1 Na6 14.e4 dxe4 15.Nxe4 Qh6
16.Ne5 Bd5 17.dxc5 Rac8 18.c6 Nc7 19.Nc3 Bxg2 20.Kxg2 Qe6 21.Qe4 Rxd1 22.Rxd1 Ne8
23.Qd5  1/2-1/2

[Event "URS-ch otbor"]
[Site "Beltsy"]
[Date "1979.??.??"]
[Round "?"]
[White "Ivanov, Igor V"]
[Black "Lerner, Konstantin Z"]
[Result "1/2-1/2"]
[WhiteElo "2415"]
[BlackElo "2475"]

1.Nf3 d5 2.d4 Nf6 3.c4 dxc4 4.e3 Bg4 5.Bxc4 e6 6.Nbd2 Nbd7 7.Qb3 Nb6 8.Ne5 Bh5
9.O-O Bd6 10.a4 O-O 11.a5 Nxc4 12.Ndxc4 Be2 13.Re1 Bxc4 14.Nxc4 Rb8 15.h3 Ne4
16.Qc2 Qh4 17.Nxd6 cxd6 18.g3 Nxg3 19.fxg3 Qxg3+ 20.Kf1 Qxh3+ 21.Qg2 Qh5
22.Re2 Rbc8 23.Ke1 e5 24.Qh2 Qg6 25.Rg2 Qe4 26.Qg3 g6 27.Rh2 f5 28.Qh4 Qxh4+
29.Rxh4 e4 30.Bd2 Rc2 31.Bc3 d5 32.Ra3 Kg7 33.Rb3 Rf7 34.Rb5 g5 35.Rh3 Rd7
36.Rc5 g4 37.Rh4 Kf6 38.Kf1 Kg5 39.Be1 Rxc5 40.dxc5 d4 41.exd4 f4 42.a6 bxa6
43.Rh2 g3 44.Rd2 e3 45.Rd3 Kg4 46.c6 Re7 47.Rc3 f3 48.Bxg3 Kxg3 49.c7 Kf4
50.Rc1 e2+ 51.Ke1 Ke3 52.Rc3+ Kxd4 53.Rc4+  1/2-1/2